000 00745nam a22002537a 4500
003 OSt
005 20220526154320.0
008 220526b |||||||| |||| 00| 0 eng d
020 _a9783662510827
082 _a550
_bC44I
100 _aDragos B., Chirila
245 _aIntroduction to modern Fortran for the earth system sciences
_cby Dragos B. Chirila, and Gerrit Lohmann
260 _aNew York
_bSpringer
_c2015
300 _axxii, 250p.
653 _aComputer science--Mathematics
653 _aComputer science
653 _aGeography
653 _aEarth sciences
653 _aPhysical geography
653 _aPhysics
653 _aProgramming languages (Electronic computers)
700 _aLohmann, Gerrit
942 _2ddc
_cBK
999 _c25005
_d25005